[Event "Paris-ch op-B 87th"]
[Site "Paris"]
[Date "2012.07.10"]
[Round "4"]
[White "O'Brien, Cormac P"]
[Black "Pluyaud, Benoit"]
[Result "0-1"]
[WhiteElo "2013"]
[BlackElo "2150"]
[PlyCount "84"]
[EventDate "2012.07.07"]
[EventType "swiss"]
[EventRounds "9"]
[EventCountry "FRA"]
[SourceTitle "EXT 2013"]
[Source "ChessBase"]
[SourceDate "2012.11.22"]
[SourceVersion "1"]
[SourceVersionDate "2012.11.22"]
[SourceQuality "1"]

1. e4 c5 2. Nf3 a6 3. Nc3 Nc6 4. d4 cxd4 5. Nxd4 e6 6. Bc4 Qb6 7. Nb3 Bb4 8. Bd2 Nf6 9. 0-0 Qc7 10. f4 Bxc3 11. Bxc3 Nxe4 12. Bxg7 Rg8 13. Bh6 Qb6+ 14. Kh1 Nf2+ 15. Rxf2 Qxf2 16. g3 b5 17. Bd3 Ne5 18. Be4 Ng4 19. Qg1 Qxg1+ 20. Kxg1 d5 21. Bxd5 exd5 22. Re1+ Kd7 23. Bg5 Rxg5 24. fxg5 Kd6 25. Nd4 Be6 26. b4 Rc8 27. Kg2 Ne5 28. Rf1 Nc6 29. c3 Nxd4 30. cxd4 Rc3 31. Rf6 Rd3 32. Rh6 Rxd4 33. Rxh7 Re4 34. h4 d4 35. Kf3 d3 36. g6 d2 37. gxf7 d1Q+ 38. Kxe4 Qd5+ 39. Kf4 Bxf7 40. Rh6+ Be6 41. Ke3 Qe5+ 42. Kf2 Qg7 0-1